[Event "5th Yaroslav the Wise Rap"]
[Site "Yaroslavl RUS"]
[Date "2014.08.27"]
[Round "8.2"]
[White "Potkin, Vladimir"]
[Black "Nepomniachtchi, Ian"]
[Result "1/2-1/2"]
[WhiteTitle "GM"]
[BlackTitle "GM"]
[WhiteElo "2610"]
[BlackElo "2714"]
[WhiteFideId "4131061"]
[BlackFideId "4168119"]
[EventDate "2014.08.26"]

1. d4 Nf6 2. c4 g6 3. Nc3 d5 4. Nf3 Bg7 5. Qb3 dxc4 6. Qxc4 O-O 7. e4 Be6 8. Qd3
c5 9. d5 Bc8 10. Be2 e6 11. Bg5 h6 12. Be3 exd5 13. exd5 Na6 14. Rd1 Ng4 15. Bf4
Bf5 16. Qd2 Nb4 17. O-O Kh7 18. a3 Na6 19. h3 Nf6 20. Bxa6 bxa6 21. Rfe1 Qb6 22.
Ne5 Rad8 23. Nc6 Rd7 24. Ne7 Be6 25. d6 Bb3 26. Rc1 Rfd8 27. Ncd5 Nxd5 28. Nxd5
Bxd5 29. Qxd5 Qxb2 30. Qxc5 Bd4 31. Qc2 Qxa3 32. Re4 Rxd6 33. Bxd6 Qxd6 34. Qa2
Qf6 35. Rce1 Bc5 36. Qe2 Rd5 37. Ra4 a5 38. Ra2 h5 39. Rf1 Bb6 40. Qb2 Bd4 41.
Qe2 Qf4 42. Qf3 Qxf3 43. gxf3 Rg5+ 44. Kh1 Kg7 45. Rg1 Rb5 46. Rd1 Bb6 47. Kg2
Rb4 48. Rd3 Kf6 49. Rd6+ Ke5 50. Rd3 Rd4 51. Rda3 Rd5 52. Ra4 Ke6 53. Re4+ Kf6
54. Rf4+ Kg7 55. Rc4 Rg5+ 56. Kf1 Rb5 57. Kg2 Rb3 58. Re4 Rc3 59. Rea4 Bc7 60.
Rd4 Bb6 61. Rda4 Rc5 62. Re4 Rg5+ 63. Kf1 Rf5 64. Kg2 Kf6 65. Rae2 Bc5 66. Rc4
Bb6 67. Rce4 Kg7 68. Ra4 Rg5+ 69. Kf1 Kf8 70. Rc4 Rb5 71. Ra4 Rf5 72. Kg2 Rc5
73. Rae4 Rg5+ 1/2-1/2

[Event "5th Yaroslav the Wise Rap"]
[Site "Yaroslavl RUS"]
[Date "2014.08.27"]
[Round "8.3"]
[White "Motylev, Alexander"]
[Black "Jakovenko, Dmitry"]
[Result "0-1"]
[WhiteTitle "GM"]
[BlackTitle "GM"]
[WhiteElo "2686"]
[BlackElo "2747"]
[WhiteFideId "4121830"]
[BlackFideId "4122356"]
[EventDate "2014.08.26"]

1. e4 e5 2. Nf3 Nc6 3. Bb5 Nf6 4. d3 Bc5 5. Bxc6 dxc6 6. Nc3 Qd6 7. h3 Be6 8.
O-O O-O-O 9. Ng5 Nd7 10. Kh1 f6 11. Nxe6 Qxe6 12. Ne2 Rhf8 13. Qe1 g6 14. b4 Bd6
15. Be3 f5 16. f3 f4 17. Bg1 g5 18. Qf2 b6 19. Rfb1 h5 20. a4 g4 21. Qf1 c5 22.
c3 Qe7 23. a5 cxb4 24. axb6 axb6 25. cxb4 Kb7 26. Nc3 Ra8 27. Nb5 c6 28. Na3
Bxb4 29. Nc4 c5 30. d4 exd4 31. e5 Nxe5 32. Nxb6 Kxb6 33. Rxb4+ Kc7 34. Re1 cxb4
35. Bxd4 Ra5 36. Qe2 Re8 37. Qc2+ Kb7 38. fxg4 hxg4 39. Qb3 Qd6 40. Rd1 Nc6 41.
Bb6 Qe6 0-1

[Event "5th Yaroslav the Wise Rap"]
[Site "Yaroslavl RUS"]
[Date "2014.08.27"]
[Round "9.1"]
[White "Motylev, Alexander"]
[Black "Moiseenko, Alexander"]
[Result "1/2-1/2"]
[WhiteTitle "GM"]
[BlackTitle "GM"]
[WhiteElo "2686"]
[BlackElo "2707"]
[WhiteFideId "4121830"]
[BlackFideId "14102560"]
[EventDate "2014.08.26"]

1. e4 c5 2. b3 b6 3. Bb2 Bb7 4. Nc3 e6 5. f4 a6 6. Qe2 Nc6 7. O-O-O b5 8. Nf3
Qa5 9. Kb1 c4 10. d3 cxb3 11. cxb3 Ba3 12. Bxa3 Qxa3 13. Qb2 Qxb2+ 14. Kxb2 Nge7
15. d4 O-O 16. Bd3 Rac8 17. Rhe1 Nb4 18. Bb1 f5 19. g3 fxe4 20. Nxe4 Bxe4 21.
Bxe4 Rc7 22. a3 Nbd5 23. Rc1 Rfc8 24. Rxc7 Rxc7 25. Ne5 h6 26. Nd3 Nf6 27. Bh1
Nf5 28. d5 Nxd5 29. Bxd5 exd5 30. Re5 g6 31. Rxd5 Ne3 32. Rc5 Rxc5 33. Nxc5 a5
34. Nxd7 Nf1 35. Ne5 Kg7 36. Nf3 Kf6 37. Kc3 Ne3 38. Kd3 Nf5 39. a4 bxa4 40.
bxa4 Nd6 41. Nd4 g5 42. fxg5+ Kxg5 43. Nb3 Nc8 44. h3 Nb6 45. Nc5 Kf5 46. Kd4 h5
47. Ke3 Ke5 48. Nd3+ Kf5 49. Nb2 Ke5 50. Nd3+ Kf5 51. Nc5 Ke5 52. h4 Kd5 53. Nd3
Nxa4 54. Nf4+ Ke5 55. Nxh5 Nb6 56. g4 a4 57. Kd3 Nd5 58. g5 Kf5 59. Kc4 Ne3+ 60.
Kb4 Ng2 61. Ng3+ Kg6 62. Kxa4 Nxh4 63. Kb4 Kxg5 1/2-1/2

[Event "5th Yaroslav the Wise Rap"]
[Site "Yaroslavl RUS"]
[Date "2014.08.27"]
[Round "9.2"]
[White "Jakovenko, Dmitry"]
[Black "Potkin, Vladimir"]
[Result "1-0"]
[WhiteTitle "GM"]
[BlackTitle "GM"]
[WhiteElo "2747"]
[BlackElo "2610"]
[WhiteFideId "4122356"]
[BlackFideId "4131061"]
[EventDate "2014.08.26"]

1. Nf3 d5 2. g3 Nf6 3. Bg2 c6 4. c4 dxc4 5. O-O Nbd7 6. Na3 Nb6 7. Ne5 Qd4 8.
Nexc4 Nxc4 9. Qa4 Qd7 10. Qxc4 g6 11. d4 Bg7 12. Rd1 O-O 13. Bf4 Nd5 14. Be5 Nb6
15. Qc5 Bh6 16. b4 Qe6 17. b5 Nd7 18. Qc3 Nxe5 19. dxe5 Bg7 20. f4 Bd7 21. bxc6
Bxc6 22. Bxc6 bxc6 23. Qc4 Qg4 24. Nc2 Rab8 25. Ne3 Qc8 26. Rac1 g5 27. Qxc6
Qxc6 28. Rxc6 gxf4 29. gxf4 Rb2 30. Kf2 Rxa2 31. Rd7 e6 32. Kf3 a5 33. Ra6 f6
34. Raa7 Bh6 35. Ng4 Ra3+ 36. e3 1-0

[Event "5th Yaroslav the Wise Rap"]
[Site "Yaroslavl RUS"]
[Date "2014.08.27"]
[Round "9.3"]
[White "Nepomniachtchi, Ian"]
[Black "Tomashevsky, Evgeny"]
[Result "1-0"]
[WhiteTitle "GM"]
[BlackTitle "GM"]
[WhiteElo "2714"]
[BlackElo "2701"]
[WhiteFideId "4168119"]
[BlackFideId "4147235"]
[EventDate "2014.08.26"]

1. e4 e5 2. Nf3 Nc6 3. d4 exd4 4. Nxd4 Bc5 5. Nxc6 Qf6 6. Qf3 bxc6 7. Nc3 Qxf3
8. gxf3 Ne7 9. h4 Rb8 10. Na4 Bd4 11. c3 Bf6 12. h5 d6 13. Bd2 Bd7 14. b3 Nc8
15. Ba6 Nb6 16. Nb2 O-O 17. O-O-O Rfe8 18. Kc2 d5 19. Bf4 Be5 20. Bxe5 Rxe5 21.
Nd3 Rg5 22. Rdg1 Rxg1 23. Rxg1 Kf8 24. Nc5 g6 25. a4 Be8 26. hxg6 hxg6 27. Rh1
Ke7 28. Be2 Nd7 29. Na6 Rc8 30. Rh8 Nf6 31. Nc5 Bd7 32. Rh1 Be6 33. Ba6 Rb8 34.
Bd3 Nd7 35. Nxd7 Kxd7 36. b4 c5 37. exd5 Bxd5 38. b5 Bxf3 39. Rh7 Bd5 40. Bxg6
Rb6 41. Rh5 c6 42. Bh7 c4 43. Kd2 Kd6 44. bxc6 Kxc6 45. Ke3 Rb2 46. Rh6+ Kc5 47.
Ra6 Bb7 48. Ra5+ Kb6 49. Rf5 Ra2 50. Rf6+ Kc5 51. Rxf7 Bc6 52. Rf5+ Kb6 53. a5+
Rxa5 54. Rxa5 Kxa5 55. Kd4 Kb6 56. Bg8 Bf3 57. Bd5 Bh5 58. f4 Bg4 59. Bxc4 a5
60. Bd5 a4 61. Kc4 Kc7 62. Kb4 Kd6 63. Bc4 Bd7 64. Bd3 Kd5 65. Bc2 Bh3 66. f5
Bg4 67. Bb1 Bh5 68. Bd3 Be8 69. Bc2 1-0

[Event "5th Yaroslav the Wise Rap"]
[Site "Yaroslavl RUS"]
[Date "2014.08.27"]
[Round "10.2"]
[White "Tomashevsky, Evgeny"]
[Black "Jakovenko, Dmitry"]
[Result "1/2-1/2"]
[WhiteTitle "GM"]
[BlackTitle "GM"]
[WhiteElo "2701"]
[BlackElo "2747"]
[WhiteFideId "4147235"]
[BlackFideId "4122356"]
[EventDate "2014.08.26"]

1. Nf3 d5 2. d4 Nf6 3. c4 e6 4. g3 Be7 5. Bg2 O-O 6. Nbd2 b6 7. O-O Bb7 8. cxd5
Bxd5 9. Qc2 Nbd7 10. e4 Bb7 11. e5 Nd5 12. Ne4 h6 13. Bd2 c5 14. dxc5 Nxc5 15.
Nxc5 Bxc5 16. Qa4 Qe7 17. a3 a5 18. Rac1 Rad8 19. Qc4 Rc8 20. Qe2 Rfd8 21. Nh4
Qe8 22. Qg4 f5 23. exf6 Nxf6 24. Qe2 Ba6 25. Qxa6 Rxd2 26. Kh1 Rcd8 27. b4 axb4
28. axb4 Bxf2 29. Nf3 Rb2 30. Qa1 Re2 31. Qa6 Rb2 32. Qa1 Re2 33. Qa6 1/2-1/2